000 00428nam a22001697a 4500
005 20160523095313.0
008 160523b xxu||||| |||| 00| 0 eng d
020 _a81-7188-281-1
041 _aeng
082 _b4059
100 _aVasudevan / A
_9297
245 _aCentral Banking for Emerging Market Economics
260 _aNew Delhi
_bAcademic Faundation
_c2003
300 _a262
650 _aManagement
_9241
942 _cBK
999 _c1368
_d1368